000 00487nam a2200181Ia 4500
005 20250508150133.0
008 008 250505s9999 xx 000 0 eng d
037 _aTextual
040 _aFEDL
_beng
_cFEDL
041 _aeng
_2eng
084 _aB, PAU
_qFEDL
100 _aMaritain Jacques
245 0 _aLiving thougthts of Saint Paul
260 _aLondon, UK
_bCassell and Company Limited
_c1948
300 _a135p
942 _cTEXL
_hB, PAU
999 _c1321939
_d1321939